| Tag |
First Indicator |
Second Indicator |
Subfields |
| LEADER |
00000cam a22000001i 4500 |
| 001 |
in00003504821 |
| 006 |
m |o d | |
| 007 |
cr |n||||||||| |
| 008 |
150202s2014 mdu ob 001 0 eng d |
| 005 |
20250816204552.5 |
| 020 |
|
|
|a 1475809263 (electronic bk.)
|
| 020 |
|
|
|a 9781475809268 (electronic bk.)
|
| 020 |
|
|
|z 9781475809244 (Cloth : alk. paper)
|
| 020 |
|
|
|z 1475809247 (Cloth : alk. paper)
|
| 035 |
|
|
|a (NhCcYBP)ebl1910598
|
| 040 |
|
|
|a NhCcYBP
|c NhCcYBP
|d UtOrBLW
|
| 043 |
|
|
|a n-us---
|
| 050 |
|
4 |
|a LB2831.92
|b .K45 2014
|
| 082 |
0 |
4 |
|a 371.2/012
|2 23
|
| 100 |
1 |
|
|a Kellough, Richard D.
|q (Richard Dean)
|
| 240 |
1 |
0 |
|a Primer for new principals
|
| 245 |
1 |
0 |
|a Understanding the role of today's school principal :
|b a primer for bridging theory to practice /
|c Richard D. Kellough and Phillys Hill.
|
| 250 |
|
|
|a Second edition.
|
| 264 |
|
1 |
|a Lanham, Maryland :
|b Rowman & Littlefield,
|c [2014]
|
| 300 |
|
|
|a 1 online resource.
|
| 336 |
|
|
|a text
|b txt
|2 rdacontent
|
| 337 |
|
|
|a computer
|b c
|2 rdamedia
|
| 338 |
|
|
|a online resource
|b cr
|2 rdacarrier
|
| 504 |
|
|
|a Includes bibliographical references and index.
|
| 505 |
0 |
|
|a A foundation for successful leadership: understanding your role, first impressions, and communication -- Leadership and management: developing and determining your leadership style -- Support, survival, and success: navigating your areas of responsibilities -- School safety: prevention, responses, and resources -- Providing instructional leadership: supporting effective teachers and increased student learning -- The off-site community: the principal's credibility and connections -- Self-assessment: characteristics of the ideal principal -- Getting started for the new school year: practical actions for a smooth start -- Your professional knowledge: continued learning and awareness of educational research and trends.
|
| 588 |
|
|
|a Description based on print version record.
|
| 500 |
|
|
|a Electronic resource.
|
| 650 |
|
0 |
|a First year school principals
|z United States
|v Handbooks, manuals, etc.
|
| 650 |
|
0 |
|a School management and organization
|z United States
|v Handbooks, manuals, etc.
|
| 655 |
|
7 |
|a Electronic books.
|2 local
|
| 700 |
1 |
|
|a Hill, Phillys,
|d 1954-
|
| 710 |
2 |
|
|a Ebook Library.
|
| 776 |
1 |
8 |
|c Original
|z 9781475809244
|z 1475809247
|w (DLC) 2014029859
|
| 856 |
4 |
0 |
|u https://ebookcentral.proquest.com/lib/tamucs/detail.action?docID=1910598
|y Connect to the full text of this electronic book
|t 0
|
| 955 |
|
|
|a YBP purchased approval e-records
|
| 980 |
|
|
|b 37.49
|g 1
|
| 999 |
f |
f |
|s 98d18b8e-0020-30a0-b99d-3a3f6d529330
|i d7b9191b-a81b-3283-bb1d-2d48d3d3bec4
|t 0
|
| 999 |
|
|
|a MARS
|
| 952 |
f |
f |
|a Texas A&M University
|b College Station
|c Electronic Resources
|d Available Online
|t 0
|e LB2831.92 .K45 2014
|h Library of Congress classification
|
| 998 |
f |
f |
|a LB2831.92 .K45 2014
|t 0
|l Available Online
|